000 01161nam a2200181Ia 4500
008 151202s9999||||xx |||||||||||||| ||und||
082 _bPNVM-76939
100 _aपिंपळकर आनंद
245 _aआनंदी मृत्यू मृत्यूला आनंदाने कसे सामोरे जावे हे ह्ळूवारपणे सांगणारे पुस्तक
260 _b"आनंदी वास्तू, सत्यता चंदननगर नगर रोड पुणे-१४"
260 _c2015
300 _a168
600 _aपिंपळकर आनंद
630 _aआनंदी मृत्यू मृत्यूला आनंदाने कसे सामोरे जावे हे ह्ळूवारपणे सांगणारे पुस्तक
700 _aपिंपळकर आनंद
730 _aआनंदी मृत्यू मृत्यूला आनंदाने कसे सामोरे जावे हे ह्ळूवारपणे सांगणारे पुस्तक
942 _cBOOK
999 _c1343598
_d1343595